| 000 | 00000nam##2200000za#4500 |
| 001 | 9.579116 |
| 003 | CaOODSP |
| 005 | 20210624190418 |
| 007 | cr ||||||||||| |
| 008 | 150406|1996||||xxc|||||o f|0| 0 eng|d |
| 022 | |a1488-5379 |
| 040 | |aCaOODSP|beng |
| 043 | |an-cn--- |
| 086 | 1 |aFs97-6/2119E-PDF |
| 110 | 1 |aCanada. |bDepartment of Fisheries and Oceans. |
| 245 | 10|aStandard methods for sampling resources and habitats in coastal subtidal regions of British Columbia. Part 2 - Review of sampling with preliminary recommendations / |h[electronic resource]|cby C.L.K. Robinson
[et al.] |
| 260 | |aNanaimo - British Columbia : |bFisheries and Oceans Canada |c1996. |
| 300 | |a134p.|breferences, tables |
| 490 | 1 |aCanadian technical report of fisheries and aquatic sciences|x1488-5379|vNo. 2119 |
| 500 | |aOn t.p.: Pacific Biological Station, Nanaimo, British Columbia. The catalogue number and ISSN for the print edition appear in the PDF version. |
| 546 | |a(Résumé en français) |
| 590 | |a14-05-Supp|b2014-02-26 |
| 720 | 1 |aRobinson, C. L. K. |
| 830 | #0|aCanadian technical report of fisheries and aquatic sciences,|x1488-5379|vNo. 2119|w(CaOODSP)9.504449 |
| 856 | 40|ahttp://publications.gc.ca|qPDF|s2463 KB|uhttps://publications.gc.ca/collections/collection_2014/mpo-dfo/Fs97-6-2119-eng.pdf|yNo. 2119 |